Saving lakes : how Sweden restores acidified lakes and streams.
Guardado en:
| Otros Autores: | , |
|---|---|
| Formato: | Libro |
| Idioma: | English Swedish |
| Publicado: |
Gothenburg, Sweden :
Informator AB,
c1988.
|
| Materias: | |
| Etiquetas: |
Agregar Etiqueta
Sin Etiquetas, Sea el primero en etiquetar este registro!
|
| LEADER | 00979nam a22002535a 4500 | ||
|---|---|---|---|
| 001 | EIQ.libpla001344 | ||
| 008 | 060913s1988####sw#a#####b####000#0#eng#d | ||
| 005 | 20060913152033.0 | ||
| 245 | 0 | 0 | |a Saving lakes : |b how Sweden restores acidified lakes and streams. |
| 260 | |a Gothenburg, Sweden : |b Informator AB, |c c1988. | ||
| 300 | |a 115 p. : |b il. ; |c 24 cm. | ||
| 500 | |a Traducción de: Sjökalkningsboken. | ||
| 500 | |a "Original Swedish text: Tord Melander. English translation and adaptation: Christopher Thorn"--P.[7]. | ||
| 504 | |a Incluye referencias bibliográficas (p. 114-115). | ||
| 020 | |a 9179701736 | ||
| 700 | 1 | |a Tord Melander. | |
| 700 | 1 | |a Thorn, Christopher, |d tr. |4 trl | |
| 650 | 4 | |a Agua |x Purificación. | |
| 650 | 4 | |a Contaminación ambiental |x Lluvia ácida. | |
| 650 | 4 | |a Water |x Purification. | |
| 650 | 4 | |a Environmental contamination |x Acid rain. | |
| 040 | |a AR-BbSID |b spa |c AR-BbSID | ||
| 041 | 1 | |a eng |h swe | |
| 859 | |a AR-BbSID |b BIB. PLAPIQUI |h 628.168 8 |i Sa 94 |p 899 | ||
